000 00754nam a2200253 a 4500
001 45789
003 BD-RjUL
005 20211209054052.0
008 280716s1943 enka 1 0 eng d
035 _a(BD-RjUL)45907
040 _aAUC
_beng
_cAUC
_dAUC
_dBD-RjUL
041 _aeng
082 _223
_a338.91
_bBEE 1943
100 1 _aBellerby, J. R.
_d1896-1977.
_9140054
245 1 0 _aEconomic reconstruction :
_ba study of post-war problems /
_cJ. R. Bellerby
260 _aLondon :
_bMacmillan,
_c1943.
300 _av- 1
_bill ;
_c23 cm.
500 _aindex
505 0 _aV-1
650 0 _aReconstruction (1939-1951)
_9140055
650 0 _aReconstruction (1939-1951)
_zGreat Britain.
_9133720
650 0 _aEconomic policy.
_9140056
942 _2ddc
_cBK
999 _c45789
_d45789